| 000 | 01587cam a2200385 4500 | ||
|---|---|---|---|
| 003 | PE-LiUPU | ||
| 005 | 20250731183423.0 | ||
| 020 | _a8429121064 | ||
| 035 | _a(Sirsi) i9788429121063 | ||
| 035 | _a(Sirsi) 42584 | ||
| 035 | _a(Sirsi) 42584 | ||
| 041 | _aes | ||
| 044 | _aes | ||
| 082 | 0 | 4 |
_a720.2122 _bS17 |
| 100 | 1 | _aSainz, Jorge | |
| 245 | 1 | 3 |
_aEl dibujo de arquitectura : _bteoría e historia de un lenguaje gráfico / _cJorge Sainz. |
| 264 | 1 |
_aMadrid : _bNerea, _c1990 |
|
| 300 |
_a236 páginas : _bilustraciones ; _c23 cm. |
||
| 490 | 0 |
_aEstudios Universitarios de Arquitectura _v6 |
|
| 505 | 0 | _aProemio Ser y Estar -- Del plano a la inteligencia Angélica -- Introducción -- Un lenguaje gráfico -- El marco teórico -- La idea y la imagen -- Cualidades y atributos -- Instrumental, analítico y expresivo -- La construcción de la figura | |
| 526 | _aP158 | ||
| 526 | _aP146 | ||
| 526 | _aP17 | ||
| 526 | _aP12 | ||
| 526 | _aP06 | ||
| 650 | 1 | 4 |
_aArquitectura _xDiseños y planos. _95295 |
| 650 | 1 | 4 | _aDibujo arquitectónico. |
| 942 |
_2ddc _cBOOK |
||
| 949 |
_a720.2122 S17 _i59858 _lCCODEBUL1 _mBUL _tLIBRO _o.STAFF. Colección General |
||
| 859 |
_q59858 _h720.2122 _iS17 |
||
| 910 |
_agl _bjv _cng _d20090804 |
||
| 596 | _a1 | ||
| 999 |
_a720.2122 S17 _wDEWEY _c49390 _i59858 _d49390 _f2021-11-9 _g7 _lCCODEBUL1 _mBUL _p43.00 _q1 _r0 _sY _tBOOK _u2015-7-6 _xINGENIERIA _PP06 _0COMPRA _o.STAFF. Colección General |
||
| 980 |
_81 _gALBERTO SANCHEZ Responsable de Automatización |
||